[Event "3rd Sharjah Masters 2019"]
[Site "Sharjah"]
[Date "2019.03.28"]
[Round "7.27"]
[White "Tissir, Mohamed"]
[Black "Gukesh, D."]
[Result "0-1"]
[WhiteElo "2386"]
[BlackElo "2529"]
[Annotator "TA"]
[PlyCount "82"]
[EventDate "2019.03.22"]
[EventType "swiss"]
[EventCountry "UAE"]
[SourceTitle "playchess.com"]
[Source "ChessBase"]
[SourceQuality "1"]

{[%evp 13,82,32,35,12,29,-14,-14,-8,-11,-15,-14,-12,-14,-12,0,-21,-16,-21,-23,-23,-18,-7,-20,-23,-23,-25,-25,-49,-39,-39,-20,-59,-58,-55,-60,-73,-55,-125,-127,-241,-205,-337,-331,-332,-329,-327,-321,-320,-312,-381,-380,-382,-365,-499,-495,-499,-491,-537,-518,-535,-533,-617,-603,-600,-491,-465,-471,-622,-619,-590,-582]} 1. e4 c5 2. Nf3 Nc6 3. Bb5 g6 4. O-O Bg7 5. Re1 e5 6. Bxc6 dxc6 7. d3 Qe7 8. Be3 {B31: Sicilian: 2...Nc6 3 Bb5 g6} (8. Nbd2 Nf6 9. a3 Nh5 10. Nc4 Nf4 11. b4 Bg4 12. Be3 cxb4 13. axb4 Qxb4 14. Rb1 Qe7 15. Rxb7 Bd7 16. Qa1 O-O 17. Ncxe5 Nxg2 18. Rxd7 Qxd7 19. Nxd7 Bxa1 20. Rxa1 {1-0 (40) Sokolin,L (2508)-Salgado Lopez,I (2629) St Petersburg 2018}) 8... Nf6 9. Nbd2 Ng4 10. Bg5 {The position is equal.} f6 11. Bh4 g5 12. Bg3 h5 {...h4 is the strong threat.} 13. h4 Be6 14. Qe2 Nh6 $146 ({Predecessor:} 14... O-O-O 15. a3 Bh6 {½-½ (45) Lewicki,M (2323)-Nguyen,P (2444) Warsaw 2017}) 15. a3 g4 16. Nh2 O-O-O 17. Nhf1 Nf7 18. Ne3 Nd6 19. Rad1 Nb5 20. c3 Bh6 21. Ndc4 Rd7 22. a4 Nd6 23. Nxd6+ Rxd6 24. Qc2 Rhd8 25. b4 (25. d4 $1 $15) 25... Qd7 $17 {[%cal Rd6d3]} 26. bxc5 (26. d4 $17 cxd4 27. cxd4 Rxd4 28. Nd5 Rxd1 29. Rxd1) 26... Rxd3 $19 27. Qb2 (27. a5 $142) 27... Rd2 28. Rxd2 Qxd2 29. Qa1 Bf8 30. Rd1 Qe2 31. Re1 Qd3 32. Qb2 {Now Rd1 and White clings on.} Qxe4 33. Nc2 Qxa4 {Black is clearly winning.} 34. Nd4 Qa2 ({Less strong is} 34... exd4 35. cxd4 Bf5 {[#]} 36. d5 $1 $19 {[%mdl 512]}) 35. Qc1 Bd7 36. Re2 Qc4 37. Re1 Bxc5 ({Worse is} 37... exd4 38. Qf4 Qf1+ 39. Kxf1 Bd6 40. Qxd6 dxc3 41. Qc7#) 38. Ne2 Bf5 39. Qh6 Qf7 40. Kh2 Qg6 41. Qc1 Bd3 {Accuracy: White = 44%, Black = 89%.} 0-1

[Event "3rd Sharjah Masters 2019"]
[Site "Sharjah"]
[Date "2019.03.28"]
[Round "7.28"]
[White "Pranav Anand"]
[Black "Venkatesh, M.R."]
[Result "1/2-1/2"]
[WhiteElo "2359"]
[BlackElo "2517"]
[Annotator "TA"]
[PlyCount "95"]
[EventDate "2019.03.22"]
[EventType "swiss"]
[EventCountry "UAE"]
[SourceTitle "playchess.com"]
[Source "ChessBase"]
[SourceQuality "1"]

{[%evp 21,95,25,24,22,25,22,30,22,37,41,61,59,66,41,47,18,20,5,16,8,8,0,0,-12,0,-79,-51,-42,-28,-85,0,0,0,0,0,-8,0,0,0,0,0,0,0,0,27,0,0,-6,-12,-12,-7,-69,0,0,43,0,127,95,77,108,136,16,16,16,16,20,12,11,13,12,13,12,19,19,20,0]} 1. e4 e5 2. Nf3 Nc6 3. Bb5 a6 4. Ba4 d6 5. O-O Bd7 6. c3 g6 7. d4 Bg7 8. d5 Nce7 9. Bxd7+ Qxd7 10. c4 h6 11. Nc3 f5 12. Ne1 {C76: Ruy Lopez: Deferred Steinitz: 5 c3 Bd7 6 d4 g6} (12. exf5 gxf5 13. Ne1 Nf6 14. f4 e4 15. Nc2 c5 16. dxc6 bxc6 17. Be3 O-O 18. Qd2 c5 19. h3 Qe6 {1-0 (51) Zhao,J (2604)-Sargissian,G (2672) Riadh 2017}) 12... Nf6 13. f3 O-O 14. Nd3 {White has an edge.} b6 15. Bd2 a5 $146 ({Predecessor:} 15... c5 16. Qe2 g5 {½-½ (16) Prandstetter,E (2430)-Zsinka,L (2320) Dortmund 1987}) 16. b3 f4 17. a3 g5 18. b4 g4 19. c5 axb4 20. axb4 Rxa1 21. Qxa1 gxf3 22. gxf3 Ng6 23. Rf2 (23. cxb6 $11 cxb6 24. Qa6) 23... Nh4 24. cxd6 cxd6 25. Qa6 (25. Ne1 $11) 25... Nh5 (25... Nh7 $17 {...Ng5 is the strong threat.} 26. Ne1 Ng5) 26. Ne1 $11 Rf6 {Threatens to win with ...Qh3.} 27. Qf1 (27. Qxb6 $2 Qh3 $19) 27... Rg6+ 28. Kh1 b5 29. Ne2 Rg5 30. Ng2 Ng6 31. Ne1 $1 Bf6 32. Rg2 $1 Qh3 33. Qf2 Nh4 34. Ng1 Qd7 35. Rxg5+ hxg5 36. Qb6 ({White should play} 36. Qe2 $1 $11) 36... Qh7 ({Better is} 36... Kf8 $15) 37. Qxb5 Kf8 {And now ...Ng3+! would win.} (37... Ng3+ $5 38. hxg3 Nxf3+ 39. Kg2 Nxd2 40. Qe8+ Kg7 41. Qd7+ {[%mdl 64] Double Attack} Kh8 42. Qc8+ Kg7 43. Qd7+ {[%mdl 64] Double Attack} Kh8 44. Qc8+ Kg7 45. Qd7+ $11 {[%mdl 64] Double Attack}) 38. Qc6 g4 (38... Ng3+ $1 $11 {remains equal.} 39. hxg3 Nxf3+ 40. Kg2 Nxd2 41. Qc8+ Kg7 42. Qd7+ {[%mdl 64] Double Attack} Kh8 43. Qc8+ Kg7 44. Qd7+ {[%mdl 64] Double Attack} Kh8 45. Qc8+ Kg7) 39. Qc8+ $1 $16 ({Don't blunder} 39. fxg4 $2 Qxe4+ 40. Ngf3 Nxf3 $19) (39. Qxd6+ $2 Be7 $19) 39... Kf7 {[#]} 40. Qe6+ $1 Kf8 {[#] ( -> ...Ng3+!)} 41. Qxg4 ({But not} 41. Qxd6+ $2 Be7 $19) (41. Bxf4 $1 $16 exf4 42. fxg4 Ng3+ 43. hxg3 Nf3+ 44. Kg2 Nxe1+ 45. Kf1) 41... Ng3+ $1 $11 {The position is equal.} 42. hxg3 Nxf3+ $1 43. Kg2 Nxd2 44. Qc8+ Kf7 45. Qe6+ Kg7 46. Qd7+ Kg6 47. Qf5+ ({Wrong is} 47. Qxd6 $2 Nc4 $19) 47... Kg7 48. Qd7+ {Accuracy: White = 51%, Black = 46%.} 1/2-1/2

[Event "3rd Sharjah Masters 2019"]
[Site "Sharjah"]
[Date "2019.03.28"]
[Round "7.29"]
[White "Stany, G.A."]
[Black "Boudriga, Mohamed Ali"]
[Result "1-0"]
[WhiteElo "2507"]
[BlackElo "2369"]
[Annotator "TA"]
[PlyCount "69"]
[EventDate "2019.03.22"]
[EventType "swiss"]
[EventCountry "UAE"]
[SourceTitle "playchess.com"]
[Source "ChessBase"]
[SourceQuality "1"]

{[%evp 20,69,51,29,115,119,116,103,94,102,97,111,104,115,110,106,96,102,87,92,94,82,83,64,89,22,127,149,164,160,155,160,422,403,477,490,469,478,552,627,622,586,602,616,615,608,598,606,596,602,862,856]} 1. e4 c5 2. Nf3 d6 3. d4 cxd4 4. Nxd4 Nf6 5. Nc3 a6 6. Be3 e6 7. f3 b5 8. Qd2 Bb7 9. g4 Nfd7 10. O-O-O Nb6 11. Nb3 Nc4 {B80: Sicilian Scheveningen: 6 g3 and 6 Be3, including English Attack} (11... b4 $11) (11... N8d7 12. Na5 Rb8 13. Bd4 Ba8 14. h4 Qc7 15. g5 b4 16. Nb1 e5 17. Bxb6 Rxb6 18. Nc4 Rc6 19. Ne3 {1-0 (70) Aronian,L (2767)-Nakamura,H (2777) Saint Louis 2018}) 12. Bxc4 $1 $16 bxc4 13. Nc5 Qc7 {White is better.} 14. Nxb7 Qxb7 15. Bf4 Nc6 16. Bxd6 Rd8 17. Qf4 Bxd6 18. Rxd6 O-O {[#]} 19. Rxd8 $1 Rxd8 20. Rd1 $146 Rb8 21. b3 $1 e5 22. Qf5 $40 {[%mdl 128] White mounts an attack.} (22. Qd2 $16) 22... Qb4 (22... Qb6 $1 $11 {remains equal.}) 23. Rd7 Rf8 {[#]} 24. Kb2 $1 cxb3 25. axb3 Nd4 $2 (25... Qb6 $16) 26. Qxe5 $18 Nxf3 27. Qf4 {White is clearly winning.} Nh4 28. Nd5 Qd4+ 29. c3 Qc5 30. Ne7+ Kh8 {[#]} 31. Qxf7 $1 {[%cal Rf7f8][%mdl 512]} Qf2+ (31... Rxf7 32. Rd8+) 32. Qxf2 Rxf2+ 33. Ka3 {Intending Rd8+ and mate.} g6 34. e5 Re2 35. Nd5 {Accuracy: White = 76%, Black = 36%.} 1-0

[Event "3rd Sharjah Masters 2019"]
[Site "Sharjah"]
[Date "2019.03.28"]
[Round "7.30"]
[White "Arencibia Rodriguez, Walter"]
[Black "Omar, Noaman"]
[Result "1-0"]
[WhiteElo "2506"]
[BlackElo "2356"]
[Annotator "TA"]
[PlyCount "46"]
[EventDate "2019.03.22"]
[EventType "swiss"]
[EventCountry "UAE"]
[SourceTitle "playchess.com"]
[Source "ChessBase"]
[SourceQuality "1"]

{[%evp 11,46,22,25,21,14,11,41,7,19,0,8,-8,11,24,33,37,43,47,57,41,75,52,76,61,145,147,129,137,142,135,134,137,158,170,338,267,360]} 1. d4 d5 2. c4 e6 3. Nc3 Be7 4. cxd5 exd5 5. Bf4 Nf6 6. e3 Bf5 7. Nge2 {D35: Queen's Gambit Declined: Exchange Variation} O-O 8. Rc1 (8. f3 c5 9. g4 Be6 10. Bg2 Nc6 11. O-O Rc8 12. Bg3 Na5 13. b3 cxd4 14. exd4 Nc6 {½-½ (38) Anand,V (2773)-Fridman,D (2633) St Petersburg 2018}) 8... Be6 9. h3 $146 {White is slightly better.} ({Predecessor:} 9. Bg3 c6 10. Nf4 Bf5 11. Bd3 Bxd3 12. Nxd3 Nbd7 13. O-O Ne4 14. b4 Rc8 15. Nxe4 dxe4 {1-0 (40) Landa,K (2640)-Haslinger,S (2543) Germany 2014}) 9... Nbd7 10. Ng3 Ne8 {...g5 is the strong threat.} 11. e4 c6 12. exd5 cxd5 13. Bd3 $36 {[%mdl 2048] White has good play.} Ndf6 14. O-O Nd6 15. Be5 Nc4 16. Qe2 (16. Bxc4 $5 dxc4 17. Qf3 $14) 16... Nd6 17. Rfe1 Re8 (17... g6 $14) 18. Nb5 $16 Nxb5 19. Bxb5 Bd7 {[#]} 20. Bxd7 $1 Qxd7 21. Rc7 Qd8 22. Rxb7 a5 $2 (22... Bf8 23. Rc1 Nd7) 23. Qf3 Bf8 {Accuracy: White = 48%, Black = 28%.} 1-0

[Event "3rd Sharjah Masters 2019"]
[Site "Sharjah"]
[Date "2019.03.28"]
[Round "7.31"]
[White "Nasanjargal, Urtnasan"]
[Black "Bharath Subramaniyam H"]
[Result "0-1"]
[WhiteElo "2503"]
[BlackElo "2301"]
[Annotator "TA"]
[PlyCount "112"]
[EventDate "2019.03.22"]
[EventType "swiss"]
[EventCountry "UAE"]
[SourceTitle "playchess.com"]
[Source "ChessBase"]
[SourceQuality "1"]

{[%evp 19,112,7,8,14,19,14,34,14,13,31,44,51,56,45,56,23,142,18,15,15,15,14,16,-16,-25,-29,-16,-16,-22,-55,-53,-60,-51,-37,-44,-113,-113,-258,-254,-289,-281,-296,-252,-247,-245,-256,-255,-260,-254,-266,-259,-256,-263,-321,-318,-358,-360,-607,-465,-592,-578,-838,-442,-1299,-1258,-1204,-853,-808,-694,-782,-700,-693,-696,-693,-630,-693,-663,-676,-592,-639,-633,-1740,-1731,-1743,-1663,-4794,-3809,-2027,-1904,-29964,-29968,-5231,-29955,-29975,-29975]} 1. e4 c5 2. Nf3 e6 3. Nc3 a6 4. d4 cxd4 5. Nxd4 Qc7 6. g3 Nf6 7. Bg2 Nc6 {[%cal Bb8c6,Bc6a5,Ba5c4][%mdl 32]} 8. O-O Be7 9. Be3 O-O 10. f4 d6 11. a4 {B80: Sicilian Scheveningen: 6 g3 and 6 Be3, including English Attack} (11. Kh1 Rb8 12. Nb3 b5 13. a3 {½-½ (13) Guseinov,G (2664)-Alekseev,E (2639) St Petersburg 2018}) 11... Na5 12. Kh1 Rd8 13. g4 {White is slightly better.} Nc4 {[%mdl 64] [#] Double Attack} 14. Bc1 d5 15. e5 Ne4 16. Nxe4 dxe4 17. Bxe4 f6 (17... Nxe5 $11 18. fxe5 Qxe5 {[%mdl 64] Double Attack}) 18. exf6 (18. Qd3 $16 h6 19. Qc3) 18... Bxf6 $11 19. c3 {And now Qc2 would win.} Bxd4 $1 20. cxd4 {Strongly threatening Qc2.} Bd7 $146 21. Qf3 {aiming for f5.} Nd6 22. Kg1 $1 Nxe4 23. Qxe4 Qc4 24. b3 Qxb3 25. Ra3 Qc4 26. Rh3 g6 27. f5 (27. Re1 $15) 27... exf5 $17 28. Qe7 (28. gxf5 $17 {keeps fighting.} Bxf5 29. Rxf5 Rxd4 30. Qxb7 Qxc1+ 31. Kg2 (31. Rf1 Rg4+ 32. Rg3 Qe3+ {[%mdl 64] Double Attack} 33. Kg2 Qe4+ 34. Qxe4 Rxe4 $17) 31... Qc2+ 32. Rf2 Qe4+ 33. Qxe4 Rxe4 34. Ra3) 28... Qxd4+ $19 {[%mdl 64] Double Attack} 29. Be3 Qxg4+ {[%mdl 64] Double Attack} 30. Rg3 Qe4 31. Qxe4 fxe4 32. a5 Bb5 33. Re1 Rac8 34. Bh6 Rc2 35. h4 Kf7 36. Rg4 Bc6 37. Rf4+ Ke6 38. Ref1 $2 (38. Rf2 Rc5 39. Be3) 38... Rd3 39. Rf6+ Kd5 40. Bf4 Kc4 41. Rb1 (41. Rf2 $142 Rd1+ 42. Rf1) 41... e3 42. Re1 Rg2+ 43. Kf1 Rf2+ 44. Kg1 Rd4 45. Rxc6+ bxc6 46. Bxe3 {[#]} Rff4 $1 47. Bxd4 (47. Bxf4 Rxf4) 47... Rxd4 {[%mdl 4096] Endgame KR-KR} 48. Rb1 Rxh4 49. Rb6 c5 50. Rxa6 Kb5 51. Ra7 h5 52. Kf2 Re4 53. Rc7 Re5 54. a6 Kxa6 55. Rc6+ Kb5 56. Rxg6 c4 {Accuracy: White = 21%, Black = 72%.} 0-1

[Event "3rd Sharjah Masters 2019"]
[Site "Sharjah"]
[Date "2019.03.28"]
[Round "7.32"]
[White "Harsha, Bharathakoti"]
[Black "Sharma, Dinesh K."]
[Result "1-0"]
[WhiteElo "2497"]
[BlackElo "2286"]
[Annotator "TA"]
[PlyCount "89"]
[EventDate "2019.03.22"]
[EventType "swiss"]
[EventCountry "UAE"]
[SourceTitle "playchess.com"]
[Source "ChessBase"]
[SourceQuality "1"]

{[%evp 9,89,-22,-23,-26,-21,-5,0,-8,0,-21,17,40,29,0,41,39,36,33,52,29,35,46,43,20,19,2,12,0,6,-14,8,0,0,0,0,-23,-41,-19,9,0,0,-65,0,0,0,0,0,-35,-35,-44,-52,-47,0,0,25,0,29,26,30,0,94,96,92,69,55,8,237,108,515,510,509,478,482,494,498,597,29986,1211,960,902,29989,5043]} 1. d4 d5 2. c4 c6 3. Nf3 Nf6 4. Nc3 dxc4 5. e4 b5 $1 6. Be2 {D15: Slav Defence: 4 Nc3 a6 and gambit lines after 4 Nc3 dxc4} e6 7. O-O a6 8. b3 $146 {The position is equal.} ({Predecessor:} 8. e5 Nd5 9. Ne4 h6 10. Bd2 Be7 11. b3 cxb3 12. Qxb3 Bb7 13. Ne1 c5 14. dxc5 {1-0 (44) Salem,A (2660)-Sharma,D (2295) St Petersburg 2018}) 8... cxb3 9. Qxb3 Nbd7 10. e5 Nd5 11. Ng5 Nxc3 12. Qxc3 Be7 13. Qg3 {[%mdl 1024] White has compensation.} Nb6 14. Rd1 (14. Ne4 $5 {[%cal Rg3g7]}) 14... Nd5 15. Ne4 Kf8 16. Bh5 Bd7 17. Rd3 h6 18. Rf3 Be8 19. Qg4 Qd7 20. Bd2 a5 21. a3 Kg8 22. Rg3 {[%csl Gg3][%cal Rg4g7]} ({But not} 22. Nf6+ Bxf6 23. exf6 g6 $17) 22... g6 23. Qd1 Kg7 24. Qc1 Nb6 25. Bf3 ({White should try} 25. Be3 $11) 25... Nc4 (25... Qxd4 $15 26. Be3 Qd8) 26. Bc3 $11 Nxa3 {[%mdl 64] Decoy} 27. Rxa3 {Strongly threatening Nd6.} b4 $1 {[%cal Rb4a3]} 28. Ra1 {Black must now prevent Bb2.} (28. Nf6 $5 Qa7 29. Ra1 bxc3 30. Qxc3 $11) 28... bxc3 29. Qxc3 Rd8 30. Rd1 Bb4 31. Qa1 Qc7 32. h4 Be7 33. h5 g5 34. Be2 (34. Nf6 $5) 34... Qb6 (34... Qa7 $11 {keeps the balance.}) 35. f4 $16 Kf8 36. fxg5 hxg5 37. Nxg5 c5 $2 {[#]} (37... Rd5 $11 38. Kh2 Bxg5 39. Rxg5 c5) 38. Rb1 (38. Qc1 $1 $18) 38... Qc7 $2 {[%mdl 8192] [#]} (38... Qc6 $16 {is tougher.} 39. Nxf7 (39. Qxa5 Rxd4 40. Rf1 Qd5 $11) 39... Bxf7) 39. Nxe6+ $1 $18 {[%mdl 512]} fxe6 40. Rf1+ Bf7 41. Rgf3 Rxd4 ({Worse is} 41... Rh7 42. Bd3) 42. Rxf7+ Kg8 43. Qe1 (43. Qc3 $142 Qxe5 44. Rxe7 Rh7 45. Re8+ Kg7 46. Qf3 Kh6 47. Rg8 Rg7 48. Rh8+ Kg5 49. h6) 43... Qxe5 44. Rxe7 Re4 45. Qf2 {Accuracy: White = 41%, Black = 43%.} (45. Qxa5 $142 Qd4+ 46. Rf2 Qxf2+ {[%mdl 64] Remove Defender} 47. Kxf2 Rf4+ 48. Ke3 Rh7 49. Rxh7 Rf7 50. Rxf7) 1-0

[Event "3rd Sharjah Masters 2019"]
[Site "Sharjah"]
[Date "2019.03.28"]
[Round "7.33"]
[White "Assaubayeva, Bibisara"]
[Black "Lorparizangeneh, Shahin"]
[Result "0-1"]
[WhiteElo "2376"]
[BlackElo "2493"]
[Annotator "TA"]
[PlyCount "92"]
[EventDate "2019.03.22"]
[EventType "swiss"]
[EventCountry "UAE"]
[SourceTitle "playchess.com"]
[Source "ChessBase"]
[SourceQuality "1"]

{[%evp 9,92,-12,50,22,20,8,10,7,0,8,20,0,12,-59,-49,-85,-75,-93,-29,-65,-60,-64,-65,-64,0,0,0,0,97,97,97,97,109,104,93,96,93,101,101,93,97,101,131,108,108,108,106,88,102,85,139,117,148,141,200,157,165,167,154,154,187,187,243,235,202,136,174,47,244,243,236,97,97,-310,-307,-292,-285,-272,-187,-203,-202,-519,-512,-911,-909]} 1. d4 Nf6 2. c4 g6 3. Nf3 Bg7 4. Nc3 d5 5. h4 {[%cal Bh2h4,Bh4h5][%mdl 32]} h6 {LiveBook: 16 Games} (5... dxc4 $11 6. e4 c5) (5... c6 6. cxd5 cxd5 7. Bf4 O-O 8. e3 Nc6 9. Qb3 Na5 10. Qa3 Nc6 11. Qb3 Na5 12. Qa3 Nc6 {½-½ (34) Swiercz,D (2655)-Nepomniachtchi,I (2771) Astana 2019}) 6. h5 {D90: Grünfeld: 4 Nf3 Bg7 sidelines} g5 7. cxd5 Nxd5 8. e4 {The position is equal.} Nxc3 9. bxc3 c5 10. Be3 Nc6 $146 ({Predecessor:} 10... Qa5 11. Qd2 Nc6 12. Rc1 g4 {½-½ (78) Aldabergenov,A (1817)-Gulbeyaz,E (2008) Sochi 2016}) 11. e5 (11. Rc1 $11) 11... Qa5 $15 12. Nd2 Be6 (12... Qxc3 $6 13. Rc1 $11) 13. Rb1 Rd8 (13... Bxa2 $6 14. Rb5 $14) ({Black should try} 13... cxd4 $17 14. cxd4 O-O) 14. Bb5 Bxa2 15. Bxc6+ bxc6 16. Rc1 Qa6 ({Black should play} 16... Qb5 $15 17. f3 a5) 17. Ra1 $11 cxd4 18. Bxd4 {Black must now prevent Qc2.} c5 (18... Rd5 $1 $11 {keeps the balance.}) 19. Be3 $1 $16 Bxe5 20. Qc2 Qc6 21. Rxa2 {Hoping for 0-0.} Qxg2 22. Qe4 Qxe4 23. Nxe4 f5 24. Nxc5 Bxc3+ 25. Ke2 f4 26. Bc1 Rc8 27. Ne4 {aiming for Rc2.} Bd4 28. Rd1 Bb6 29. Ba3 g4 (29... Rc4 $142 30. f3 Ra4) 30. Kf1 {Re2 is the strong threat.} Rc6 31. Re2 f3 (31... O-O $16) 32. Ree1 Rh7 33. Rd5 Kf8 34. Nc5 Ke8 35. Nd7 Bc7 {[#]} (35... Rf7 $142 36. Ne5 Rc2 37. Nxg4 (37. Nxf7 $2 Rxf2+ 38. Kg1 Ra2+ 39. Kh1 g3 $19) 37... Ra2) 36. Ne5 $1 $18 {[%cal Re5c6]} Ra6 {Threatens to win with ...Bxe5.} 37. Bc5 Rg7 38. Nxg4 ({Better is} 38. Be3 $18) 38... Ba5 $2 (38... Ra5 $1 $14 39. Nf6+ (39. Nxh6 Bh2 $11) 39... Kf7) 39. Re4 Bc3 {[#] ( -> ...Ra1+)} 40. Rd1 (40. Kg1 $1 $18 {and the rest is easy.}) 40... Ra5 $16 41. Be3 $2 {[%mdl 8192]} (41. Bd4 $16 {and life is bright.} Bxd4 42. Rexd4 Rxh5 43. Ke1) 41... Rxh5 $19 {[%cal Rh5h1]} 42. Kg1 Rh4 43. Rd3 Rgxg4+ ({Resist} 43... Rhxg4+ 44. Rxg4 Rxg4+ 45. Kh2 $19) 44. Rxg4 Rxg4+ 45. Kh1 $2 (45. Kh2 Be5+ 46. Kh3) 45... Be5 46. Bxa7 (46. Rd5 $142 Bd6 47. Rf5) 46... Ra4 {Precision: White = 43%, Black = 66%.} 0-1

[Event "3rd Sharjah Masters 2019"]
[Site "Sharjah"]
[Date "2019.03.28"]
[Round "7.34"]
[White "Iniyan, P."]
[Black "Poormosavi, Seyed Kian"]
[Result "1-0"]
[WhiteElo "2487"]
[BlackElo "2261"]
[Annotator "TA"]
[PlyCount "115"]
[EventDate "2019.03.22"]
[EventType "swiss"]
[EventCountry "UAE"]
[SourceTitle "playchess.com"]
[Source "ChessBase"]
[SourceQuality "1"]

{[%evp 24,115,37,49,40,41,39,6,18,16,81,75,77,89,82,28,30,19,27,8,14,0,17,0,0,-3,0,-20,17,0,16,1,12,0,66,66,74,75,114,101,161,148,129,145,150,89,93,-7,291,265,285,265,269,263,331,316,347,280,356,356,356,356,356,356,354,188,194,83,124,68,80,12,15,0,0,0,0,0,0,0,0,0,0,0,0,0,0,0,713,697,716,713,29988,29989]} 1. d4 Nf6 2. c4 g6 3. Nc3 d5 4. cxd5 Nxd5 5. e4 Nxc3 6. bxc3 Bg7 7. Bc4 c5 8. Ne2 cxd4 9. cxd4 Nc6 10. Be3 Qa5+ 11. Bd2 Qh5 12. O-O O-O 13. Bc3 b5 {D86: Exchange Grünfeld: Classical Line (7 Bc4)} 14. Bd5 Bb7 15. e5 (15. Rc1 Rac8 16. f3 Bh6 17. Bd2 Rfd8 18. Rc5 Nxd4 19. Bxf7+ Kxf7 20. Rxh5 Nxe2+ 21. Qxe2 Rxd2 22. Qxb5 gxh5 23. Qxb7 {1-0 (36) L'Ami,E (2577)-Brkic,A (2577) Heraklio 2007}) 15... Rfd8 {The position is equal.} 16. Bf3 Qg5 $146 (16... Qf5 $11) ({Predecessor:} 16... Qf5 17. Qb3 b4 18. Bxc6 Bxc6 19. Ng3 Qf4 20. Bb2 h5 21. Rae1 {0-1 (43) Lipus,D (1564)-Bulava,P (2062) Havirov 2013}) 17. Rb1 $16 a6 {[#]} (17... Bxe5 $2 18. Bd2 $18) 18. a4 $1 {[%cal Ra4b5]} Rac8 19. Qe1 (19. axb5 $16 axb5 20. Rxb5) 19... Ba8 $11 20. axb5 axb5 21. Ra1 Bb7 22. Rb1 Ba8 23. Ra1 {Hoping for Rxa8!} Bb7 24. Kh1 Rb8 25. Rc1 Rbc8 26. Rb1 Ba8 27. Ra1 {And now Rxa8! would win.} Bb7 28. Qb1 b4 (28... Nxd4 $1 $11 29. Bxd4 (29. Bxb7 Nxe2 30. Ba5 Bxe5 $15) 29... Bxf3 30. gxf3 Rxd4 31. Nxd4 Bxe5) 29. Bxb4 $14 Rb8 30. Bc5 Rdc8 31. Qd1 Qh4 (31... Nxe5 $2 32. Bxb7 Rxb7 33. f4 $18 (33. dxe5 Rxc5 34. Ra8+ Bf8 $14)) (31... Nd8 $16) 32. Rb1 $18 Ba6 33. Rxb8 Nxb8 34. Qd2 (34. g3 $142 Qg5 35. Re1) 34... e6 $16 35. Ra1 (35. g3 $16 Qd8 36. Bd6) 35... Rxc5 $4 {[%mdl 8192]} (35... Qxf2 $11 36. Be7 Nc6) 36. dxc5 $18 Bxe5 {[%csl Ge5][%cal Rh4h2]} 37. g3 Qf6 38. Ra3 g5 39. Kg2 Kg7 40. Be4 Bb5 41. f4 Bxe2 42. Qxe2 gxf4 43. Qg4+ Kf8 44. gxf4 ({Much less strong is} 44. Bxh7 fxg3 45. hxg3 Qh6 $18) (44. Ra7 $142) 44... Bc7 45. Rg3 (45. Ra2 $18 {is more deadly.}) 45... Nd7 $16 46. c6 ({White should try} 46. Bc6 $16 Qd4 47. Qg8+ Ke7 48. Bxd7 Qxd7 49. Qg5+ (49. Qxh7 Qd2+ 50. Kh3 Bxf4 $11) 49... Ke8 50. Rf3) 46... Qb2+ $1 $14 {[#]} 47. Kh3 ({White should play} 47. Kh1 $1 $16 Nf6 48. Qf3) 47... Nf6 $11 48. Qg7+ {[%mdl 64] Double Attack} Ke7 $1 49. Rd3 {aiming for Rd7+!} Qe2 50. Qg5 Qf1+ {[%mdl 64] Double Attack} 51. Kh4 Bxf4 52. Qc5+ ({Of course not} 52. Rd7+ Ke8 $17) 52... Ke8 {White must now prevent ...Qe2.} 53. Ra3 {Ra8+ would kill now.} Bb8 {( -> ...Qf4+)} 54. Bf3 $40 {[%mdl 128] White attacks.} Qe1+ 55. Kh3 {c7 is the strong threat.} Qd2 $2 {[%mdl 8192]} (55... Qf1+ $11 56. Kh4 Qe1+ 57. Kh3 Qf1+ 58. Kh4) 56. c7 $18 Qh6+ 57. Kg2 {[%cal Rc7c8]} Qg6+ 58. Kf2 {Accuracy: White = 42%, Black = 50%.} 1-0